One Piece - éliminations par catégories #3 - Statistiques

Statistiques générales
  • Ce quiz a été pris 137 fois
  • Le résultat moyen est 13 sur 20
Statistiques - réponses
Catégories rep indice Réponse % Correct
Catégories Rouge 14 Personnage qui possède un fruit du démon Logia 🆗
95%
Catégories Rouge 9 ... mais qui ne fais pas partie de la marine 🆗
95%
Catégorie Blanche 22 Personnage ayant déjà été au Cipher Pol 🆗
92%
Catégorie Verte 12 Pirate de l'équipage de Barbe Noire 🆗
87%
Catégories Rouge 5 ... qui a aussi été introduit après l'ellipse 🆗
86%
Catégorie Verte 7 ... qui possède un fruit Paramecia 🆗
84%
Catégorie Verte 4 ... qui a déjà été enfermé à Impel Down 🆗
78%
Catégorie Blanche 10 ... mais qui à déjà fait partie du CP9 🆗
77%
Catégorie Blanche 14 ... qui ne fais pas partie des Assassins Masqués du CP0 🆗
76%
Catégorie Blanche 6 ... qui maîtrise tous les 6 pouvoirs 🆗
74%
Catégories Rouge 3 ... qui n'est pas un pirate 🆗
74%
Catégorie Marron 11 Fruit du démon Zoan Mythique 🆗
69%
Catégorie Marron 8 ... qui ne représente pas un dieu ou un humain 🆗
60%
Catégorie Marron 5 ... qui a été mangé par un ou une pirate 🆗
56%
Catégorie Marron 3 ... qui n'est pas posséder par l'équipage de Barbe Noire 🆗
54%
Catégorie Verte 3 ... qui est l'un des survivant du jeu à mort de Teach 🆗
54%
Catégorie Verte 1 ... et qui est commandant de la 4èm flotte Avalo Pizarro
47%
Catégories Rouge 1 ... qui, selon Oda, aime les saucisses et déteste le poulet Karasu
33%
Catégorie Blanche 1 ... et enfin qui a quitté le Cipher Pol Who’s Who
22%
Catégorie Marron 1 ... et qui a été mangé par une femme Loup divin
21%
Aucun quiz correspondant
Distribution des résultats
% des personnes avec chaque résultat
Percentile par nombre de réponses
Votre historique - résultats
Vous n’avez pas pris ce quiz